000 00350nam a2200157Ia 4500
003 0STCL
008 150530s9999 xx 000 0 und d
040 _aSTCL
_cSTCL
100 _aSchriffer, J.R.
245 _aTheory of super conductivity
260 _c1964
546 _aEnglish
942 _2ddc
_cBK
999 _c29613
_d29613
005 20220125170152.0